=LDR 00000nam 2200000 4500 =001 NUTBA000000000001485 =990 ##$$a 21302530 =005 20210805085347 =990 ##$$a 21302533 =035 ##$$a 0010-041400000000755 =990 ##$$a 21302529 =008 210805################g##########0#ind## =990 ##$$a 21302532 =020 ##$$a 978-979-007-303-6 =990 ##$$a 21302531 =082 ##$$a 346.074 =090 ##$$a 346.074 Adr h =100 ##$$a Adrian Sutedi =245 1#$$a Hukum hak tanggungan /$c Adrian Sutedi, SH., MH. =250 ##$$a Cet.2 Ed.I =260 ##$$a Jakarta :$b Sinar Grafika,$c 2012 =300 ##$$a ix, 279 hlm ; $c 23 x 15 cm. =650 #4$$a Hukum Perdata =084 ##$$a 346.074 ADR h =500 ##$$a Biografi : Hlm. 277 =990 ##$$a 21302533 =990 ##$$a 21302529 =990 ##$$a 21302530 =990 ##$$a 21302532 =990 ##$$a 21302531 =990 ##$$a 21302531 =990 ##$$a 21302533 =990 ##$$a 21302529 =990 ##$$a 21302530 =990 ##$$a 21302532